Introduction to the Front Office & Reception: (Record no. 276290)
[ view plain ]
| 000 -LEADER | |
|---|---|
| fixed length control field | 00363nam a2200121 a 4500 |
| 005 - DATE AND TIME OF LATEST TRANSACTION | |
| control field | 20141022142001.0 |
| 008 - FIXED-LENGTH DATA ELEMENTS--GENERAL INFORMATION | |
| fixed length control field | 101110s19uu xx 00 eng d |
| 050 ## - LIBRARY OF CONGRESS CALL NUMBER | |
| Classification number | DVD |
| Item number | INT8 2009 |
| 245 ## - TITLE STATEMENT | |
| Title | Introduction to the Front Office & Reception: |
| Remainder of title | hospitality stories series. |
| 260 ## - PUBLICATION, DISTRIBUTION, ETC. (IMPRINT) | |
| Place of publication, distribution, etc | Australia : |
| Name of publisher, distributor, etc | VEA, |
| Date of publication, distribution, etc | 2009. |
| 650 ## - SUBJECT ADDED ENTRY--TOPICAL TERM | |
| Topical term or geographic name as entry element | Hospitalit-front office. |
| 942 ## - ADDED ENTRY ELEMENTS (KOHA) | |
| Koha item type | Audio Visual Materials |
| Withdrawn status | Lost status | Damaged status | Use restrictions | Home library | Current library | Shelving location | Date acquired | Source of acquisition | Cost, normal purchase price | Total Checkouts | Full call number | Barcode | Date last seen | Date checked out | Price effective from | Koha item type |
|---|---|---|---|---|---|---|---|---|---|---|---|---|---|---|---|---|
| College Library | College Library | Audio Visual Material Section | 11/10/2010 | 6400.00 | 1 | DVD INT8 2009 | AVM0104 | 03/20/2015 | 03/20/2015 | 04/12/2014 | Audio Visual Materials |